00636nam a22001571 4500001001300000003000400013005001700017008004100034010001700075050001500092100002700107245025900134260004300393300002500436999001700461c 98000056 DLC20260227111037.0810115s1898 kyuc 00010 eng  ac 98000056 0 aHS425b.H810aHurd, Edward Franklin.14aThe Masonry of the Bible;ba ... treatise on, and exposition of, the principles of ancient craft masonry, as they appear in the literal reading of the great light of masonry, which is in the Holy Bible.cWith a personal introduction by ... R. R. Russell.0 aLouisville, Ky.bC. T. Dearing,c1898. a281 p.bport.c8⁰. c13032d13032